Mergers, Acquisitions and Business valuation (Record no. 1833)

MARC details
000 -LEADER
fixed length control field 00449nam a22001697a 4500
005 - DATE AND TIME OF LATEST TRANSACTION
control field 20180720105913.0
008 - FIXED-LENGTH DATA ELEMENTS--GENERAL INFORMATION
fixed length control field 160526b xxu||||| |||| 00| 0 eng d
020 ## - INTERNATIONAL STANDARD BOOK NUMBER
ISBN 978-81-7446-570-0
041 ## - LANGUAGE CODE
Language code of text/sound track or separate title eng
082 ## - DEWEY DECIMAL CLASSIFICATION NUMBER
Item number 5222
Classification number 658.162
100 ## - MAIN ENTRY--AUTHOR NAME
Personal name Vadapalli, Ravindhar
245 ## - TITLE STATEMENT
Title Mergers, Acquisitions and Business valuation
260 ## - PUBLICATION, DISTRIBUTION, ETC. (IMPRINT)
Place of publication New Delhi
Name of publisher Academic Faundation
Year of publication 2010
300 ## - PHYSICAL DESCRIPTION
Number of Pages 261,
650 ## - SUBJECT ADDED ENTRY--TOPICAL TERM
Topical Term Management
942 ## - ADDED ENTRY ELEMENTS (KOHA)
Koha item type Books
Holdings
Lost status Damaged status Collection code Home library Current library Shelving location Date acquired Cost, normal purchase price Full call number Accession Number Koha item type
    MANAGEMENT JRU Library JRU Library SHELF-71-N 26/05/2016 225.00 658.162 5222 Books
    MANAGEMENT JRU Library JRU Library SHELF-71-N 26/05/2016 225.00 658.162 5223 Books
    MANAGEMENT JRU Library JRU Library SHELF-71-N 26/05/2016 225.00 658.162 5224 Books
    MANAGEMENT JRU Library JRU Library SHELF-71-N 26/05/2016 225.00 658.162 5225 Books
    MANAGEMENT JRU Library JRU Library SHELF-71-N 26/05/2016 225.00 658.162 5226 Books
    MANAGEMENT JRU Library JRU Library SHELF-71-N 26/05/2016 225.00 658.162 5227 Books
    MANAGEMENT JRU Library JRU Library SHELF-71-N 26/05/2016 225.00 658.162 5228 Books
    MANAGEMENT JRU Library JRU Library SHELF-71-N 26/05/2016 225.00 658.162 5229 Books
      JRU Library   SHELF-29-G 26/05/2016 225.00 658.162 5230 Books
    MANAGEMENT JRU Library JRU Library SHELF-71-N 26/05/2016 225.00 658.162 5231 Books